Routledge companion to critical and cultural theory (Record no. 230237)
[ view plain ]
| 000 -LEADER | |
|---|---|
| fixed length control field | 00932nam a22002297a 4500 |
| 005 - DATE AND TIME OF LATEST TRANSACTION | |
| control field | 20240312123349.0 |
| 008 - FIXED-LENGTH DATA ELEMENTS--GENERAL INFORMATION | |
| fixed length control field | 240312b ||||| |||| 00| 0 eng d |
| 020 ## - INTERNATIONAL STANDARD BOOK NUMBER | |
| International Standard Book Number | 9781138708082 |
| 040 ## - CATALOGING SOURCE | |
| Transcribing agency | AL |
| 041 ## - LANGUAGE CODE | |
| Language code of text/sound track or separate title | eng |
| 082 ## - DEWEY DECIMAL CLASSIFICATION NUMBER | |
| Edition number | 23 |
| Classification number | 801.95 |
| Item number | MALR |
| 100 ## - MAIN ENTRY--PERSONAL NAME | |
| Personal name | Simon Malpas |
| 9 (RLIN) | 153887 |
| 245 ## - TITLE STATEMENT | |
| Title | Routledge companion to critical and cultural theory |
| 250 ## - EDITION STATEMENT | |
| Edition statement | 2nd ed. |
| 260 ## - PUBLICATION, DISTRIBUTION, ETC. | |
| Place of publication, distribution, etc. | London |
| Name of publisher, distributor, etc. | Routledge |
| Date of publication, distribution, etc. | 2024 |
| 300 ## - PHYSICAL DESCRIPTION | |
| Extent | xv,342p. |
| Other physical details | PB |
| Dimensions | 23x15cm. |
| 365 ## - TRADE PRICE | |
| Source of price type code | General |
| Price type code | 8632 |
| Price amount | ₹1196.00 |
| Currency code | ₹ |
| Unit of pricing | ₹1495.00 |
| Price note | 20% |
| Price effective from | 09/03/2024 |
| 520 ## - SUMMARY, ETC. | |
| Summary, etc. | Theory, history, context; structuralism and semiotics; narrative and narratology; Marxism; poststructuralism;historicism;psychoanalytic criticism;deconstruction;feminism;gender and queer thoery;postmodernism;race and postcoloniality; green thory;trauma studies. |
| 650 ## - SUBJECT ADDED ENTRY--TOPICAL TERM | |
| Source of heading or term | Literary Theory |
| Topical term or geographic name entry element | Literary theory and criticism |
| 9 (RLIN) | 153888 |
| 700 ## - ADDED ENTRY--PERSONAL NAME | |
| Personal name | Wake Paul |
| 9 (RLIN) | 153889 |
| 942 ## - ADDED ENTRY ELEMENTS (KOHA) | |
| Source of classification or shelving scheme | Dewey Decimal Classification |
| Koha item type | Book |
| Withdrawn status | Lost status | Source of classification or shelving scheme | Damaged status | Not for loan | Collection code | Home library | Current library | Date acquired | Source of acquisition | Cost, normal purchase price | Total Checkouts | Full call number | Barcode | Date last seen | Cost, replacement price | Price effective from | Koha item type |
|---|---|---|---|---|---|---|---|---|---|---|---|---|---|---|---|---|---|
| Dewey Decimal Classification | MAJMC | St Aloysius PG Library | St Aloysius PG Library | 03/12/2024 | Biblios Book Point | 1196.00 | 801.95 MALR | PG024701 | 03/12/2024 | 1495.00 | 03/12/2024 | Book |